[Event "GER-ch U12 Girls"]
[Site "Willingen"]
[Date "2020.10.30"]
[Round "6"]
[White "Stepanjan, Marianne"]
[Black "Proettel, Ela"]
[Result "1-0"]
[WhiteElo "1351"]
[BlackElo "1229"]
[PlyCount "83"]
[EventDate "2020.10.26"]
[EventType "swiss"]
[EventRounds "7"]
[EventCountry "GER"]
[SourceTitle "CBM 199 Extra"]
[Source "ChessBase"]
[SourceDate "2021.01.31"]
[SourceVersion "1"]
[SourceVersionDate "2021.01.31"]
[SourceQuality "1"]

1. e4 d5 2. exd5 Qxd5 3. Nc3 Qa5 4. d4 Nf6 5. Bd2 Bg4 6. Nf3 c6 7. Be2 e6 8. h3 Bf5 9. Ne4 Qc7 10. Ng3 Be4 11. Bg5 Nbd7 12. Nxe4 Nxe4 13. Be3 Be7 14. Nd2 Ndf6 15. Bd3 Nxd2 16. Qxd2 Nd5 17. a3 Rd8 18. c4 Nxe3 19. fxe3 Bh4+ 20. Kd1 0-0 21. Qe2 Qg3 22. Rf1 Be7 23. Rf3 Qc7 24. Kc2 e5 25. Qf2 exd4 26. exd4 Bf6 27. Rxf6 g6 28. Qf4 Qe7 29. Qe5 Qxe5 30. dxe5 Rfe8 31. Re1 Kg7 32. Rd6 Rxd6 33. exd6 Rd8 34. c5 b6 35. b4 bxc5 36. bxc5 Kf8 37. Be4 Re8 38. d7 Rd8 39. Bxc6 f6 40. Re8+ Rxe8 41. dxe8Q+ Kg7 42. Qe7+ 1-0

[Event "GER-ch U12 Girls"]
[Site "Willingen"]
[Date "2020.10.29"]
[Round "4"]
[White "Fock, Madiha"]
[Black "Proettel, Ela"]
[Result "1/2-1/2"]
[WhiteElo "1258"]
[BlackElo "1229"]
[PlyCount "91"]
[EventDate "2020.10.26"]
[EventType "swiss"]
[EventRounds "7"]
[EventCountry "GER"]
[SourceTitle "CBM 199 Extra"]
[Source "ChessBase"]
[SourceDate "2021.01.31"]
[SourceVersion "1"]
[SourceVersionDate "2021.01.31"]
[SourceQuality "1"]

1. e4 e6 2. d4 d5 3. e5 c5 4. c3 Nc6 5. Nf3 Qb6 6. Be2 cxd4 7. cxd4 Nh6 8. Nc3 Nf5 9. Bb5 Bd7 10. Bxc6 Bxc6 11. 0-0 Be7 12. Ne2 Bb5 13. Re1 Bxe2 14. Rxe2 0-0 15. Qd3 Nh4 16. Nxh4 Bxh4 17. g3 Be7 18. Bf4 Rac8 19. Kg2 Rc4 20. Be3 Rfc8 21. h4 Qc7 22. Bd2 Bb4 23. b3 Bc3 24. bxc4 Bxa1 25. cxd5 exd5 26. Re1 Bb2 27. Bf4 Qc4 28. Qxc4 Rxc4 29. Rb1 Bxd4 30. Rxb7 h5 31. Rd7 Rc5 32. Rxa7 Rc2 33. Ra8+ Kh7 34. Ra4 Rxf2+ 35. Kh3 Bc3 36. Be3 Re2 37. Bf4 Bxe5 38. Bxe5 Rxe5 39. Rd4 Re2 40. Rxd5 Rxa2 41. Rxh5+ Kg8 42. Rf5 g6 43. Rf4 f5 44. h5 Kh7 45. hxg6+ Kxg6 46. Rf3 1/2-1/2

[Event "GER-ch U12 Girls"]
[Site "Willingen"]
[Date "2020.10.28"]
[Round "2"]
[White "Proettel, Ela"]
[Black "Hergenroeder, Cora"]
[Result "1/2-1/2"]
[WhiteElo "1229"]
[BlackElo "1422"]
[PlyCount "115"]
[EventDate "2020.10.26"]
[EventType "swiss"]
[EventRounds "7"]
[EventCountry "GER"]
[SourceTitle "CBM 199 Extra"]
[Source "ChessBase"]
[SourceDate "2021.01.31"]
[SourceVersion "1"]
[SourceVersionDate "2021.01.31"]
[SourceQuality "1"]

1. e4 d5 2. exd5 Qxd5 3. Nf3 Bg4 4. Be2 Nc6 5. d4 e6 6. 0-0 0-0-0 7. c3 Nf6 8. Ng5 Bxe2 9. Qxe2 Rd7 10. Nd2 Qxg5 11. a4 Bd6 12. Nc4 Qh5 13. Nxd6+ Rxd6 14. Qd3 e5 15. Qg3 exd4 16. Bf4 Rd7 17. Qxg7 Rg8 18. Qxf6 Qg4 19. Bg3 dxc3 20. bxc3 h5 21. Qh4 Qg6 22. Kh1 f5 23. Rg1 Rd3 24. Qf4 Rg7 25. Rac1 Qg4 26. Qxg4 hxg4 27. Rgd1 Rxd1+ 28. Rxd1 Re7 29. h3 gxh3 30. gxh3 Rf7 31. f4 a6 32. h4 b5 33. axb5 axb5 34. Rb1 Re7 35. Rxb5 Re3 36. Bf2 Rf3 37. Kg2 Rxc3 38. Rc5 Rxc5 39. Bxc5 Kd7 40. h5 Ke8 41. Kh3 Kf7 42. Kh4 Nd8 43. Bd4 Kg8 44. Be5 c5 45. Kg5 Kh7 46. Kxf5 c4 47. Bc3 Kh6 48. Kg4 Kh7 49. f5 Nf7 50. f6 Nd6 51. Kf4 Kg8 52. Bd2 Kf7 53. Ke5 Ne8 54. Bg5 c3 55. h6 Nxf6 56. Bxf6 Kg6 57. h7 Kxh7 58. Bg5 1/2-1/2

[Event "GER-ch U10 Girls"]
[Site "Willingen"]
[Date "2019.06.12"]
[Round "6"]
[White "Proettel, Ela"]
[Black "Moldovan, Tatiana"]
[Result "0-1"]
[WhiteElo "1333"]
[BlackElo "1269"]
[PlyCount "136"]
[EventDate "2019.06.08"]
[EventType "swiss"]
[EventRounds "11"]
[EventCountry "GER"]
[SourceTitle "EXT 2020"]
[Source "ChessBase"]
[SourceDate "2019.10.17"]
[SourceVersion "1"]
[SourceVersionDate "2019.10.17"]
[SourceQuality "1"]

1. d4 Nf6 2. c4 e6 3. Nf3 c5 4. d5 exd5 5. cxd5 b6 6. Nc3 Bb7 7. e4 d6 8. Bb5+ Nbd7 9. Bxd7+ Qxd7 10. Qd3 Be7 11. 0-0 0-0 12. Bg5 Ne8 13. Bxe7 Qxe7 14. Rfe1 f6 15. Rac1 Rc8 16. a4 Nc7 17. Qc4 Kh8 18. Qb3 Rb8 19. Nh4 Qf7 20. Nf5 Rfd8 21. f4 Qe8 22. Rcd1 Bc8 23. Nb5 Nxb5 24. axb5 Bxf5 25. exf5 Qd7 26. Re6 Re8 27. Rde1 Red8 28. Re7 Qxf5 29. Qe3 Qxd5 30. Re8+ Rxe8 31. Qxe8+ Rxe8 32. Rxe8+ Qg8 33. Rxg8+ Kxg8 34. Kf2 Kf7 35. f5 g6 36. g4 gxf5 37. gxf5 Ke7 38. Kg3 Kf7 39. h4 h5 40. Kf4 d5 41. Ke3 Ke7 42. b3 Kd6 43. Kf4 c4 44. b4 c3 45. Ke3 d4+ 46. Kd3 Kd5 47. Kc2 Kc4 48. Kc1 Kb3 49. Kb1 d3 50. Kc1 c2 51. Kd2 Kb2 52. Kxd3 c1Q 53. Ke4 Qc4+ 54. Kf3 Qxb4 55. Ke3 Qxb5 56. Ke4 Qe5+ 57. Kd3 Qxf5+ 58. Ke3 a5 59. Kd4 a4 60. Ke3 a3 61. Kd4 a2 62. Ke3 a1R 63. Kd4 Rd1+ 64. Ke3 Rd3+ 65. Ke2 Qe4+ 66. Kf2 Rf3+ 67. Kg2 Qg4+ 68. Kh2 Rh3# 0-1

[Event "GER-ch U10 Girls"]
[Site "Willingen"]
[Date "2019.06.11"]
[Round "5"]
[White "Schuelke, Rosalie"]
[Black "Proettel, Ela"]
[Result "0-1"]
[WhiteElo "995"]
[BlackElo "1333"]
[PlyCount "62"]
[EventDate "2019.06.08"]
[EventType "swiss"]
[EventRounds "11"]
[EventCountry "GER"]
[SourceTitle "EXT 2020"]
[Source "ChessBase"]
[SourceDate "2019.10.17"]
[SourceVersion "1"]
[SourceVersionDate "2019.10.17"]
[SourceQuality "1"]

1. e4 d5 2. exd5 Qxd5 3. Nc3 Qa5 4. d4 Nf6 5. Bc4 Nc6 6. Nge2 Bg4 7. f3 Be6 8. Bxe6 fxe6 9. Bf4 0-0-0 10. 0-0 e5 11. Be3 exd4 12. Nxd4 Nxd4 13. Bxd4 e5 14. Qe2 exd4 15. Qe6+ Kb8 16. Ne4 Nxe4 17. fxe4 d3 18. Rad1 Bc5+ 19. Kh1 dxc2 20. Rxd8+ Rxd8 21. Qg4 a6 22. a3 Qd2 23. h3 c1Q 24. Rxc1 Qxc1+ 25. Kh2 Bd6+ 26. g3 Qd2+ 27. Kh1 Qe1+ 28. Kg2 Bc5 29. Qf3 Rd2+ 30. Qf2 Qxf2+ 31. Kh1 Rd1# 0-1

[Event "GER-ch U10 Girls"]
[Site "Willingen"]
[Date "2019.06.10"]
[Round "4"]
[White "Proettel, Ela"]
[Black "Bangiev, Katharina"]
[Result "1/2-1/2"]
[WhiteElo "1333"]
[BlackElo "1003"]
[PlyCount "42"]
[EventDate "2019.06.08"]
[EventType "swiss"]
[EventRounds "11"]
[EventCountry "GER"]
[SourceTitle "EXT 2020"]
[Source "ChessBase"]
[SourceDate "2019.10.17"]
[SourceVersion "1"]
[SourceVersionDate "2019.10.17"]
[SourceQuality "1"]

1. d4 g6 2. Bf4 Bg7 3. Nc3 Nf6 4. e4 d6 5. Qd2 Nc6 6. d5 Ne5 7. f3 0-0 8. Bh6 c6 9. dxc6 bxc6 10. g4 Qb6 11. 0-0-0 Bd7 12. Bxg7 Kxg7 13. h4 Rfb8 14. b3 a5 15. a4 Qb4 16. h5 Qa3+ 17. Kb1 Rh8 18. Bg2 c5 19. Qc1 Qxc1+ 20. Kxc1 Rab8 21. Nge2 Rb4 1/2-1/2

[Event "GER-ch U10 Girls"]
[Site "Willingen"]
[Date "2019.06.09"]
[Round "2"]
[White "Proettel, Ela"]
[Black "Heutling, Sarah"]
[Result "0-1"]
[WhiteElo "1333"]
[BlackElo "1147"]
[PlyCount "152"]
[EventDate "2019.06.08"]
[EventType "swiss"]
[EventRounds "11"]
[EventCountry "GER"]
[SourceTitle "EXT 2020"]
[Source "ChessBase"]
[SourceDate "2019.10.17"]
[SourceVersion "1"]
[SourceVersionDate "2019.10.17"]
[SourceQuality "1"]

1. d4 Nf6 2. c4 g6 3. Nf3 Bg7 4. g3 0-0 5. Bg2 d6 6. 0-0 c5 7. dxc5 dxc5 8. Nc3 Bf5 9. Ne5 Nbd7 10. Nxd7 Qxd7 11. Qxd7 Nxd7 12. Bxb7 Rab8 13. Bg2 Ne5 14. Bf4 Rxb2 15. Bxe5 Bxe5 16. Nd5 Re8 17. e4 Bg4 18. a3 Be2 19. Rfc1 Rd2 20. Rab1 Bb2 21. Re1 Bxc4 22. Red1 Rxd1+ 23. Rxd1 Bxa3 24. Ra1 Bxd5 25. exd5 Bb2 26. Rxa7 e6 27. Kf1 exd5 28. Bxd5 Rf8 29. Ke2 Kg7 30. Kd3 c4+ 31. Kxc4 Rc8+ 32. Kb5 Bd4 33. Rxf7+ Kh6 34. f3 Rc5+ 35. Kb4 Rxd5 36. Kc4 Rd8 37. h4 Bf2 38. g4 Bxh4 39. Rb7 Rf8 40. Rb3 Kg5 41. Rd3 Kf4 42. Rc3 Kg3 43. Kd4 Rxf3 44. Rc7 h5 45. gxh5 gxh5 46. Rg7+ Kf4 47. Rf7+ Kg3 48. Rg7+ Kf2 49. Rh7 Bf6+ 50. Kd5 h4 51. Rb7 h3 52. Rb1 h2 53. Ke4 Rh3 54. Kf5 h1Q 55. Rxh1 Rxh1 56. Kxf6 Rh5 57. Kg6 Ra5 58. Kf6 Kf3 59. Ke6 Kf4 60. Kd6 Rh5 61. Kc6 Rg5 62. Kb6 Ke4 63. Kc6 Kd4 64. Kd6 Rg6+ 65. Kd7 Ke5 66. Kc7 Kd5 67. Kb7 Kc5 68. Ka7 Kb5 69. Kb7 Rg7+ 70. Kc8 Kc6 71. Kd8 Ra7 72. Ke8 Kd6 73. Kf8 Ke6 74. Kg8 Kf6 75. Kh8 Kg6 76. Kg8 Ra8# 0-1

[Event "GER-ch U10 Girls"]
[Site "Willingen"]
[Date "2018.05.21"]
[Round "3"]
[White "Proettel, Ela"]
[Black "Arnold, Rubina"]
[Result "1-0"]
[WhiteElo "1125"]
[BlackElo "1133"]
[PlyCount "81"]
[EventDate "2018.05.19"]
[EventType "swiss"]
[EventRounds "11"]
[EventCountry "GER"]
[SourceTitle "CBM 184 Extra"]
[Source "ChessBase"]
[SourceDate "2018.06.28"]
[SourceVersion "1"]
[SourceVersionDate "2018.06.28"]
[SourceQuality "1"]

1. e4 d5 2. exd5 Nf6 3. Nf3 Nxd5 4. d4 Nc6 5. c4 Nf6 6. Be3 Bf5 7. Be2 Nb4 8. Qa4+ Nc6 9. d5 Nxd5 10. cxd5 Qxd5 11. Nc3 Qd8 12. Ne5 Bd7 13. Nxd7 Qxd7 14. Bb5 e6 15. Bxc6 bxc6 16. Rd1 Bd6 17. Qg4 f6 18. h3 Qe7 19. Qc4 c5 20. Qa6 Rd8 21. Qxa7 0-0 22. 0-0 Ra8 23. Qb7 Rfb8 24. Qf3 Ra7 25. Rd2 Rab7 26. Qe2 f5 27. f3 f4 28. Bf2 Qf6 29. Rc1 Be5 30. Bxc5 c6 31. a3 Bxc3 32. Rxc3 Rb5 33. Bd4 Qe7 34. Rxc6 Rd5 35. Be5 Rxd2 36. Qxd2 Rd8 37. Qxf4 Rd1+ 38. Kh2 h6 39. Rc7 Qe8 40. Rxg7+ Kh8 41. Qxh6# 1-0

[Event "GER-ch U10 Girls"]
[Site "Willingen"]
[Date "2017.06.10"]
[Round "11"]
[White "Wilmink, Anna"]
[Black "Proettel, Ela"]
[Result "1/2-1/2"]
[WhiteElo "1140"]
[BlackElo "1050"]
[PlyCount "88"]
[EventDate "2017.06.04"]
[EventType "swiss"]
[EventRounds "11"]
[EventCountry "GER"]
[SourceTitle "CBM 178 Extra"]
[Source "ChessBase"]
[SourceDate "2017.06.22"]
[SourceVersion "1"]
[SourceVersionDate "2017.06.22"]
[SourceQuality "1"]

1. e4 e5 2. Nf3 Nc6 3. Bc4 Bc5 4. d4 exd4 5. 0-0 Nf6 6. e5 d5 7. exd6 Qxd6 8. Re1+ Be6 9. Ng5 Nd8 10. Qe2 Kd7 11. Bxe6+ fxe6 12. Rd1 Kc8 13. c3 h6 14. Nf3 Nc6 15. Be3 e5 16. Rd3 e4 17. Rd1 exf3 18. Qxf3 d3 19. Bf4 Qd5 20. Qg3 Qd7 21. Rxd3 Qg4 22. Bxc7 Qxg3 23. Bxg3 Re8 24. Nd2 Re2 25. Rd1 Ng4 26. Nc4 Nxf2 27. Bxf2 Rxf2 28. Rd5 Rf5+ 29. Kh1 Rxd5 30. Rxd5 Bb6 31. g4 Kc7 32. b4 Rd8 33. Rh5 Rd1+ 34. Kg2 Rd3 35. g5 hxg5 36. Rxg5 Rxc3 37. Rxg7+ Kd8 38. Nd6 Rc2+ 39. Kf3 Rxh2 40. Nxb7+ Ke8 41. Nd6+ Kd8 42. Nb7+ Ke8 43. Nd6+ Kd8 44. Nb7+ Ke8 1/2-1/2

[Event "GER-ch U10 Girls"]
[Site "Willingen"]
[Date "2017.06.06"]
[Round "5"]
[White "Prinzen, Siri Marleen"]
[Black "Proettel, Ela"]
[Result "1-0"]
[WhiteElo "951"]
[BlackElo "1050"]
[PlyCount "71"]
[EventDate "2017.06.04"]
[EventType "swiss"]
[EventRounds "11"]
[EventCountry "GER"]
[SourceTitle "CBM 178 Extra"]
[Source "ChessBase"]
[SourceDate "2017.06.22"]
[SourceVersion "1"]
[SourceVersionDate "2017.06.22"]
[SourceQuality "1"]

1. e4 e5 2. Nf3 Nc6 3. Bc4 Bc5 4. 0-0 Nf6 5. d3 d6 6. h3 Be6 7. Bb3 0-0 8. Bg5 h6 9. Bh4 Re8 10. Nc3 g5 11. Nxg5 hxg5 12. Bxg5 Rc8 13. Qf3 Kg7 14. Ne2 Bd4 15. c3 Bb6 16. Ng3 Rg8 17. Bxf6+ Qxf6 18. Nh5+ Kf8 19. Nxf6 Rg6 20. Bxe6 fxe6 21. Nh7+ Kg8 22. Qh5 Ne7 23. Ng5 Rg7 24. Nxe6 Re8 25. Qxe8+ Kh7 26. Nxg7 Kxg7 27. Qxe7+ Kg6 28. g4 Kh6 29. h4 Kg6 30. Qe6+ Kg7 31. h5 Kf8 32. h6 a6 33. h7 Kg7 34. Qe7+ Kh6 35. h8Q+ Kg6 36. Qhh7# 1-0